Complete writings : (Record no. 63411)
[ view plain ]
| 000 -LEADER | |
|---|---|
| fixed length control field | 00904nam a2200277 a 4500 |
| 001 - CONTROL NUMBER | |
| control field | 63411 |
| 003 - CONTROL NUMBER IDENTIFIER | |
| rucl marc code | BD-RjUL |
| 005 - DATE AND TIME OF LATEST TRANSACTION | |
| control field | 20211209081208.0 |
| 008 - FIXED-LENGTH DATA ELEMENTS--GENERAL INFORMATION | |
| fixed length control field | 170130s1969 enka b 001 0 eng |
| 035 ## - SYSTEM CONTROL NUMBER | |
| System control number | (BD-RjUL)63540 |
| 040 ## - CATALOGING SOURCE | |
| Original cataloging agency | ICA |
| Transcribing agency | ICA |
| Modifying agency | BD-RjUL |
| Language of cataloging | eng |
| 041 ## - LANGUAGE CODE | |
| Language code of text/sound track or separate title | eng |
| 082 ## - DEWEY DECIMAL CLASSIFICATION NUMBER | |
| Edition number | 23 |
| Classification number | 821 |
| Author mark and year | BLC 1969 |
| 090 ## - LOCALLY ASSIGNED LC-TYPE CALL NUMBER (OCLC); LOCAL CALL NUMBER (OCLC) | |
| Classification number (OCLC) (R) ; Classification number, CALL (RLIN) (NR) | PR4141 |
| Local cutter number (OCLC) ; Book number/undivided call number, CALL (RLIN) | .K42 1971 |
| 100 1# - MAIN ENTRY--PERSONAL NAME | |
| Personal name | Blake, William, |
| Dates associated with a name | 1757-1827. |
| 9 (RLIN) | 188666 |
| 245 10 - TITLE STATEMENT | |
| Title | Complete writings : |
| Remainder of title | with variant readings / |
| Statement of responsibility, etc. | Blake ; edited by Geoffrey Keynes |
| 260 ## - PUBLICATION, DISTRIBUTION, ETC. (IMPRINT) | |
| Place of publication, distribution, etc. | London : |
| Name of publisher, distributor, etc. | Oxford University Press, |
| Date of publication, distribution, etc. | 1967 [Printing 1969] |
| 300 ## - PHYSICAL DESCRIPTION | |
| Pagination | xv, 944 p. : |
| Illustrations | ill ; |
| Size | 21 cm. |
| 490 0# - SERIES STATEMENT | |
| Series statement | Oxford standard authors |
| 504 ## - BIBLIOGRAPHY, ETC. NOTE | |
| Bibliography, etc | Includes bibliographical references and index |
| 650 ## - SUBJECT ADDED ENTRY--TOPICAL TERM | |
| Topical term or geographic name as entry element | English poetry |
| 9 (RLIN) | 179095 |
| Topical term or geographic name as entry element | Poesía inglesa |
| Form subdivision | Siglo XIX. |
| 9 (RLIN) | 188667 |
| 700 1# - ADDED ENTRY--PERSONAL NAME | |
| Personal name | Keynes, Geoffrey, |
| Dates associated with a name | 1887-1982. |
| 942 ## - ADDED ENTRY ELEMENTS (KOHA) | |
| Source of classification or shelving scheme | Dewey Decimal Classification |
| Koha item type | Books |
| Lost status | Source of classification or shelving scheme | Damaged status | Not for loan | Collection code | Permanent Location | Current Location | Shelving location | Date acquired | Source of acquisition | Cost, normal purchase price | Total Checkouts | Full call number | Date last seen | Copy number | Koha item type |
|---|---|---|---|---|---|---|---|---|---|---|---|---|---|---|---|
| Dewey Decimal Classification | Not For Loan | Non-fiction | Central Library, University of Rajshahi | Central Library, University of Rajshahi | Reading Room | 22/10/1968 | Zeitlinger | 30.00 | 821 BLC 1967 | 30/01/2017 | C-1 | Books | |||
| Dewey Decimal Classification | Not For Loan | Non-fiction | Central Library, University of Rajshahi | Central Library, University of Rajshahi | 03/02/1973 | Oxford University Press | 24.20 | 821 BLC 1969 | 30/01/2017 | C-2 | Books |